Office outsourcing - just common sense (Record no. 70820)

MARC details
000 -LEADER
fixed length control field 01273cam a2200253 4500
001 - CONTROL NUMBER
control field ABS65716
008 - FIXED-LENGTH DATA ELEMENTS--GENERAL INFORMATION
fixed length control field 020725n2002 000 0 eng u
035 ## - SYSTEM CONTROL NUMBER
System control number (Sirsi) u119049
100 ## - MAIN ENTRY--PERSONAL NAME
Personal name Dixon, M
245 ## - TITLE STATEMENT
Title Office outsourcing - just common sense
260 ## - PUBLICATION, DISTRIBUTION, ETC.
Date of publication, distribution, etc. 2002
490 ## - SERIES STATEMENT
Series statement Facilities Management
Volume/sequential designation 9(10) July 2002, 10-11(2)
520 ## - SUMMARY, ETC.
Summary, etc. Looks at the trend of office outsourcing, prompted by more companies looking for cost-effective and flexible solutions to their office accommodation. Argues that having a good office environment is vital to recruit and keep staff, and illustrates how foward thinking companies are taking the outsourcing route to maximise their growth potential. Highlights the benefits of office outsourcing for organisations operating from several locations and shows how outsourcing can mean substantial cost savings. Concludes that outsourcing of office space will become commonplace over the next five to ten years. Graph. Table.
590 ## - LOCAL NOTE (RLIN)
Local note ABS
650 ## - SUBJECT ADDED ENTRY--TOPICAL TERM
Topical term or geographic name entry element OCCUPANCY COSTS
650 ## - SUBJECT ADDED ENTRY--TOPICAL TERM
Topical term or geographic name entry element OUTSOURCING
650 ## - SUBJECT ADDED ENTRY--TOPICAL TERM
Topical term or geographic name entry element OFFICE ENVIRONMENTS
650 ## - SUBJECT ADDED ENTRY--TOPICAL TERM
Topical term or geographic name entry element COST SAVINGS
650 ## - SUBJECT ADDED ENTRY--TOPICAL TERM
Topical term or geographic name entry element OFFICE FLOORSPACE
650 ## - SUBJECT ADDED ENTRY--TOPICAL TERM
Topical term or geographic name entry element FLEXIBILITY
650 ## - SUBJECT ADDED ENTRY--TOPICAL TERM
Topical term or geographic name entry element SERVICED OFFICES
690 ## - LOCAL SUBJECT ADDED ENTRY--TOPICAL TERM (OCLC, RLIN)
Topical term or geographic name as entry element MANAGEMENT-FACILITIES MANAGEMENT
942 ## - ADDED ENTRY ELEMENTS (KOHA)
Suppress in OPAC 0
Holdings
Withdrawn status Lost status Source of classification or shelving scheme Damaged status Not for loan Home library Current library Shelving location Date acquired Total Checkouts Full call number Barcode Date last seen Copy number Price effective from Koha item type
    Dewey Decimal Classification     London London Journal article 25/07/2002   ABS65716 119049-1001 06/08/2019 1 06/08/2019 Journal article